Informe presentado por España a la Conferencia Mundial del Decenio de las Naciones Unidas para la Mujer : (Record no. 82501)

MARC details
000 -LEADER
campo de control de longitud fija 00818nam a2200193 i 4500
001 - NÚMERO DE CONTROL
campo de control 82501
003 - IDENTIFICADOR DE NÚMERO DE CONTROL
campo de control ES-MaACL
005 - FECHA Y HORA DE LA ÚLTIMA TRANSACCIÓN
campo de control 20230906174701.0
007 - CAMPO FIJO DE DESCRIPCIÓN FÍSICA--INFORMACIÓN GENERAL
campo de control de longitud fija t|
008 - DATOS DE LONGITUD FIJA--INFORMACIÓN GENERAL
campo de control de longitud fija 041110s1985 sp ||||1| spa d
080 ## - NÚMERO DE LA CLASIFICACIÓN DECIMAL UNIVERSAL
Número de la Clasificación Decimal Universal 308-055.2(460)(063)
245 00 - MENCIÓN DEL TÍTULO
Título Informe presentado por España a la Conferencia Mundial del Decenio de las Naciones Unidas para la Mujer :
Resto del título (Nairobi-Kenya, 16-26 de julio de 1985) /
Mención de responsabilidad, etc. [elaborado por el Instituto de la Mujer].
260 ## - PUBLICACIÓN, DISTRIBUCIÓN, ETC.
Lugar de publicación, distribución, etc. Madrid :
Nombre del editor, distribuidor, etc. Instituto de la Mujer,
Fecha de publicación, distribución, etc. 1985.
300 ## - DESCRIPCIÓN FÍSICA
Extensión 94 p. ;
Dimensiones 30 cm.
650 #4 - PUNTO DE ACCESO ADICIONAL DE MATERIA--TÉRMINO DE MATERIA
Término de materia o nombre geográfico como elemento de entrada Mujeres-
Subdivisión geográfica España-
Subdivisión cronológica Situación social-
Subdivisión de forma Congresos y asambleas.
9 (RLIN) 15285
710 2# - ENTRADA AGREGADA--NOMBRE DE ENTIDAD CORPORATIVA
Nombre de entidad corporativa o nombre de jurisdicción como elemento de entrada Instituto de la Mujer (España)
9 (RLIN) 4980
711 2# - ENTRADA AGREGADA--NOMBRE DE REUNIÓN
Nombre de congreso/reunión o jurisdicción como elemento de entrada Conferencia Mundial del Decenio de las Naciones Unidas para la Mujer (
Fecha del congreso o de la firma del tratado 1985.
Sede del congreso/Lugar de la reunión Nairobi-Kenya)
9 (RLIN) 215
852 4# - LOCALIZACIÓN
Ubicación ES-MaACL
Número de control de estantería L-8479
Holdings
Estatus retirado Estado de pérdida Estado de daño No para préstamo Biblioteca de origen Biblioteca actual Ubicación en estantería Fecha de adquisición Fuente de adquisición Total de préstamos Signatura topográfica completa Código de barras Visto por última vez Precio de reemplazo Tipo de ítem Koha
        Biblioteca del Ateneo de Madrid Biblioteca del Ateneo de Madrid Depósito 2 17/01/2008     L-8479 1086219 23/02/2023 23/02/2023 Libro impreso